[Event "Warsaw Najdorf Memorial op-A 22nd"]
[Site "Warsaw"]
[Date "2025.07.15"]
[Round "8"]
[White "Wiech, Grzegorz"]
[Black "Khamidov, Abdulla"]
[Result "1/2-1/2"]
[WhiteElo "2056"]
[BlackElo "2098"]
[PlyCount "109"]
[EventDate "2025.07.08"]
[EventType "swiss"]
[EventRounds "9"]
[EventCountry "POL"]
[SourceTitle "CB29_2025"]
[SourceDate "2025.07.16"]
[SourceVersion "1"]
[SourceVersionDate "2025.07.16"]
[SourceQuality "1"]

1. e4 c5 2. Nf3 d6 3. d4 cxd4 4. Nxd4 Nf6 5. Nc3 g6 6. Be3 Bg7 7. f3 Nc6 8. Qd2 0-0 9. g4 Bxg4 10. fxg4 Nxg4 11. Nb3 Nce5 12. Be2 Nxe3 13. Qxe3 a6 14. 0-0-0 b5 15. Kb1 b4 16. Nd5 a5 17. Qb6 e6 18. Qxd8 Rfxd8 19. Nb6 Rab8 20. Nc4 a4 21. Nba5 Nxc4 22. Nxc4 a3 23. b3 d5 24. exd5 exd5 25. Na5 Rbc8 26. Bf3 Bf6 27. Nb7 Rf8 28. Bxd5 Kg7 29. h3 Be5 30. Na5 f5 31. Nc6 Bc3 32. Nd4 Kf6 33. Bc4 Rce8 34. Nb5 Be5 35. Rd7 h6 36. Nc7 Bxc7 37. Rxc7 Re3 38. Kc1 Rfe8 39. Rf7+ Ke5 40. Kd2 f4 41. h4 Rd8+ 42. Bd3 Rd6 43. Rf1 Rd4 44. Re7+ Kd6 45. Rxe3 fxe3+ 46. Kxe3 Rxh4 47. Bxg6 Ke5 48. Rf5+ Kd6 49. Rh5 Rg4 50. Be4 Rg1 51. Rxh6+ Ke5 52. Rh5+ Kd6 53. Rh1 Rg3+ 54. Kd4 Rc3 55. Rh6+ 1/2-1/2

[Event "Warsaw Najdorf Memorial op-A 22nd"]
[Site "Warsaw"]
[Date "2025.07.10"]
[Round "3"]
[White "Khamidov, Abdulla"]
[Black "Kemper, Meinolf"]
[Result "1-0"]
[WhiteElo "2098"]
[BlackElo "2040"]
[PlyCount "133"]
[EventDate "2025.07.08"]
[EventType "swiss"]
[EventRounds "9"]
[EventCountry "POL"]
[SourceTitle "CB29_2025"]
[SourceDate "2025.07.16"]
[SourceVersion "1"]
[SourceVersionDate "2025.07.16"]
[SourceQuality "1"]

1. d4 Nf6 2. c4 g6 3. Nc3 Bg7 4. e4 d6 5. Nf3 0-0 6. Be2 e5 7. Be3 Ng4 8. Bg5 f6 9. Bh4 g5 10. Bg3 Nh6 11. h3 c6 12. d5 Nf7 13. Nh2 a6 14. a4 a5 15. Bg4 Na6 16. 0-0 Nc5 17. Bxc8 Rxc8 18. Ng4 h5 19. Ne3 h4 20. Bh2 Nh6 21. Kh1 Qb6 22. dxc6 bxc6 23. Bg1 Qxb2 24. Rc1 Qb8 25. f3 Rfd8 26. Nf5 Nxf5 27. exf5 Na6 28. Qd2 Bf8 29. Ne4 Be7 30. Qxa5 Qa8 31. Rfd1 Kg7 32. Bb6 Rd7 33. Qe1 d5 34. f4 Qb7 35. fxe5 dxe4 36. a5 c5 37. Qe2 Kh6 38. Rd5 Nb4 39. Rxd7 Qxd7 40. Qxe4 Nd3 41. e6 Nf2+ 42. Kg1 Qd2 43. Qe1 Qxe1+ 44. Rxe1 Nd3 45. Re4 Ne5 46. a6 Kg7 47. a7 Ra8 48. Kf1 Kf8 49. Ke2 Ke8 50. Kd2 Nc6 51. Re3 Nd4 52. Rd3 Bd6 53. Ke3 Nxf5+ 54. Ke4 Nd4 55. Kd5 Ke7 56. Rd1 f5 57. Rd2 g4 58. Ra2 gxh3 59. gxh3 f4 60. Rg2 f3 61. Rg7+ Ke8 62. Rg8+ Ke7 63. Rxa8 Nxe6 64. Re8+ Kxe8 65. a8Q+ Ke7 66. Qb7+ Kf6 67. Kxd6 1-0

[Event "Warsaw Szansa blitz op"]
[Site "Warsaw"]
[Date "2023.09.16"]
[Round "1"]
[White "Khamidov, Abdulla"]
[Black "Baum, Jonasz"]
[Result "0-1"]
[WhiteElo "1749"]
[BlackElo "2436"]
[PlyCount "134"]
[EventDate "2023.09.16"]
[EventType "swiss (blitz)"]
[EventRounds "13"]
[EventCountry "POL"]
[SourceTitle "CBM 216 Extra"]
[Source "ChessBase"]
[SourceDate "2023.11.30"]
[SourceVersion "1"]
[SourceVersionDate "2023.11.30"]
[SourceQuality "1"]

1. e4 e6 2. Nf3 d5 3. exd5 exd5 4. d4 Nf6 5. Bd3 c5 6. c3 c4 7. Bc2 Bd6 8. 0-0 0-0 9. Bg5 h6 10. Bh4 Bg4 11. Nbd2 Nbd7 12. Bg3 Bxg3 13. hxg3 Re8 14. Re1 Qb6 15. b3 cxb3 16. Bxb3 Rxe1+ 17. Qxe1 Re8 18. Qf1 Qc7 19. Qd3 Bh5 20. Rc1 Bg6 21. Qb5 a6 22. Qf1 Bf5 23. c4 dxc4 24. Nxc4 Rc8 25. Re1 Be6 26. Nce5 Bxb3 27. axb3 Qd6 28. Qd3 Qd5 29. Nxd7 Nxd7 30. Ne5 Nf6 31. Nc4 Rd8 32. Rd1 Re8 33. Ne3 Qe4 34. d5 Qxd3 35. Rxd3 Rc8 36. Nc4 b5 37. Ne3 Kf8 38. f3 g6 39. b4 Ke7 40. Ra3 Ra8 41. Rc3 Ne8 42. Rc6 Kd7 43. Ng4 a5 44. bxa5 Rxa5 45. Nxh6 b4 46. Nxf7 Rxd5 47. Rb6 Ke7 48. Nh6 Rd1+ 49. Kf2 Rb1 50. Rxg6 Nd6 51. Rg7+ Ke6 52. Rg6+ Kd5 53. Ng4 Rb2+ 54. Ke1 Nc4 55. Rg8 Rxg2 56. Rd8+ Ke6 57. Rd4 Nb2 58. Re4+ Kd6 59. Nf2 b3 60. Rb4 Rxf2 61. Rxb3 Rh2 62. g4 Ke5 63. Kf1 Kf4 64. Kg1 Rc2 65. Kf1 Nc4 66. Kg1 Ne3 67. Rb4+ Kg3 0-1

[Event "Warsaw Szansa op"]
[Site "Warsaw"]
[Date "2022.09.18"]
[Round "10"]
[White "Khamidov, Abdulla"]
[Black "Janeczko, Jakub"]
[Result "1/2-1/2"]
[WhiteElo "1804"]
[BlackElo "2159"]
[PlyCount "109"]
[EventDate "2022.09.17"]
[EventType "swiss (rapid)"]
[EventRounds "11"]
[EventCountry "POL"]
[SourceTitle "EXT 2023"]
[Source "ChessBase"]
[SourceDate "2022.10.05"]
[SourceVersion "1"]
[SourceVersionDate "2022.10.05"]
[SourceQuality "1"]

1. e4 c5 2. Nf3 e6 3. c3 Nf6 4. e5 Nd5 5. d4 cxd4 6. cxd4 Nc6 7. Nc3 d6 8. Bc4 Nb6 9. Bb3 dxe5 10. dxe5 Qxd1+ 11. Kxd1 Bc5 12. Ne4 Bd4 13. Nd6+ Ke7 14. Nxd4 Nxd4 15. Be3 Nxb3 16. axb3 Nd5 17. Bc5 b6 18. Nxc8+ Kd7 19. Rxa7+ Rxa7 20. Nxa7 bxc5 21. Nb5 Rb8 22. Nd6 f6 23. Ne4 Kc6 24. exf6 gxf6 25. Kc2 Nb4+ 26. Kd2 Nd5 27. Rc1 Rb5 28. b4 Rxb4 29. Nxc5 Rxb2+ 30. Ke1 Kd6 31. Nd3 Ra2 32. g3 e5 33. Kf1 e4 34. Ne1 f5 35. Ng2 Ke5 36. Re1 Nb4 37. Nf4 Kd4 38. Ne2+ Ke5 39. Nf4 Kd4 40. Re2 Ra1+ 41. Kg2 Nd3 42. Ne6+ Ke5 43. Ng5 Ne1+ 44. Kh3 h6 45. Nf7+ Kf6 46. Nxh6 Nf3 47. Rb2 Rh1 48. Rb6+ Ke5 49. Rb5+ Ke6 50. Nxf5 Rxh2+ 51. Kg4 Rxf2 52. Rb6+ Ke5 53. Rb5+ Ke6 54. Rb6+ Kd5 55. Rb5+ 1/2-1/2

[Event "Warsaw Chess op-A"]
[Site "Warsaw"]
[Date "2022.07.23"]
[Round "6"]
[White "Yunusov, Mukhammad"]
[Black "Khamidov, Abdulla"]
[Result "1/2-1/2"]
[WhiteElo "1874"]
[BlackElo "1834"]
[PlyCount "138"]
[EventDate "2022.07.18"]
[EventType "swiss"]
[EventRounds "9"]
[EventCountry "POL"]
[SourceTitle "CBM 209 Extra"]
[Source "ChessBase"]
[SourceDate "2022.09.30"]
[SourceVersion "1"]
[SourceVersionDate "2022.09.30"]
[SourceQuality "1"]

1. d4 Nf6 2. Bf4 g6 3. e3 Bg7 4. Nf3 Nh5 5. Bg5 h6 6. Bh4 g5 7. Ne5 Nf6 8. Bg3 d6 9. Nf3 Ne4 10. Bd3 Nxg3 11. hxg3 Bg4 12. c3 Nd7 13. Qb3 Nb6 14. a4 a5 15. Nbd2 Be6 16. Qc2 c5 17. Bf5 Bxf5 18. Qxf5 e6 19. Qd3 cxd4 20. Qb5+ Ke7 21. exd4 Qc7 22. 0-0 Nd7 23. Rfe1 Ra6 24. d5 e5 25. Nd4 Rb8 26. Nc6+ Rxc6 27. dxc6 bxc6 28. Qd3 Rxb2 29. Nc4 Rb8 30. Rad1 d5 31. Nxe5 Nxe5 32. f4 Kf8 33. fxe5 Bxe5 34. Qh7 Bg7 35. Rd3 Qd6 36. Qf5 Rd8 37. Kh2 Qd7 38. Qf3 Qd6 39. Qf5 Qf6 40. Qg4 Qg6 41. Rde3 h5 42. Qd7 Bf6 43. Re8+ Rxe8 44. Rxe8+ Kg7 45. Qxc6 Qd3 46. Rg8+ Kxg8 47. Qxf6 Qd1 48. Qxg5+ Kh7 49. Qf5+ Kg7 50. Qg5+ Kh7 51. Qf6 Qxa4 52. Qxf7+ Kh6 53. Qxd5 h4 54. Kh3 hxg3 55. Kxg3 Qa1 56. Qe6+ Kg5 57. Qe5+ Kg6 58. Qd6+ Kg5 59. Qd5+ Kg6 60. Qe6+ Kg5 61. Qe5+ Kg6 62. Kg4 Qd1+ 63. Kf4 Qf1+ 64. Kg3 Qd3+ 65. Kf2 Qd2+ 66. Kf3 Qd1+ 67. Qe2 Qa1 68. Qc2+ Kf6 69. c4 a4 1/2-1/2